Zum "Sorbenthema" in der Literatur der ehemaligen DDR

Titel: Zum "Sorbenthema" in der Literatur der ehemaligen DDR
Verfasser:
In: Im Dialog mit der interkulturellen Germanistik, (1993), Seite 69-76
alle Artikel anzeigen
Veröffentlicht: 1993
Format: Aufsatz
Sprache: Deutsch
Schlagworte:
Kein Bild verfügbar
X
alg: 13097289
001A    $04504:23-08-05 
001B    $03025:13-02-26 $t13:59:18.000 
001C    $04504:11-06-14 $t12:18:22.000 
001D    $04504:23-08-05 
001U    $0utf8 
001X    $00 
002@    $0Aox 
003@    $0130972894 
007A    $0130972894 $aHEB 
007E    $069588 
010@    $ager 
011@    $a1993 
021A    $aZum "Sorbenthema" in der Literatur der ehemaligen DDR 
028A    $#Hoefert, Siegfrid $#Hoefert, Sigfried $7116924527 $8Hoefert, Sigfrid$Z1925- [Tp1] $9150794886 
031A    $h69-76 $j1993 
039B    $aIn $8--Aau--. Im Dialog mit der interkulturellen Germanistik. - Wrocław : Wydawn. Uniw. Wrocławskiego, 1993. - 476 Seiten. - Illustrationen. - ISBN 83-229-0949-7 $x199300000000000931 $902692904X 
044K    $RSorbenbild $RMotiv $74425647-4 $8Sorben$gMotiv [Ts1] $9088683052 
045V    $818.11.07$jStoffe. Motive. Themen [Tkx] $9118846183 

lok: 13097289 62

exp: 13097289 62 1 #EPN
201B/01 $011-06-14 $t12:18:22.000 
201U/01 $0utf8 
203@/01 $0287056562 
206W/01 $0motivSW 11.06.2014 12:18:22 
206W/01 $0s6102 
208@/01 $a09-08-05 $be 
209A/01 $a/ $f000 $x00 
209B/01 $a1995 $x05 
244Z/01 $a18.11.07#Sorben  $x01 
247C/01 $8Frankfurt, Bibliographie der Deutschen Sprach- und Literaturwissenschaft $9113214561 

lok: 13097289 78

exp: 13097289 78 1 #EPN
201B/01 $013-02-26 $t13:59:18.000 
201C/01 $013-02-26 
201U/01 $0utf8 
203@/01 $01335235434 
208@/01 $a13-02-26 $be 
209A/01 $a/ $f000 $x00 
209A/01 $ab*p $x01 
220C/01 $apgar 
244Z/01 $#Germania Slavica $#"Germania Slavica" $#Germania Slavica $#Germania Slavica $#Germania Slavica $#Germania Slavica $#Germania Slavica $8--Trx--Germania Slavica $x11 $9391371002 
247C/01 $82080>Marburg/Lahn, Herder-Institut, Forschungsbibliothek, Bibliographieportal $9336309341
LEADER 00000caa a22000002c 4500
001 130972894
003 DE-603
005 20260213135918.0
007 tu
008 050823s1993 xx |||| | u00||u|ger c
035 |a (DE-599)HEB130972894 
040 |a DE-603  |b ger  |c DE-603  |d DE-603 
041 |a ger 
100 1 |a Hoefert, Sigfrid  |d 1925-  |0 (DE-603)150794886  |0 (DE-588)116924527  |2 gnd 
245 0 0 |a Zum "Sorbenthema" in der Literatur der ehemaligen DDR 
264 0 |c 1993 
650 7 |a Sorben  |g Motiv  |0 (DE-588)4425647-4  |0 (DE-603)088683052  |2 gnd 
773 0 8 |i In  |t Im Dialog mit der interkulturellen Germanistik  |d Wrocław : Wydawn. Uniw. Wrocławskiego, 1993  |h 476 Seiten, Illustrationen  |z 8322909497  |g (1993), Seite 69-76  |w (DE-603)02692904X 
924 0 |9 603  |a (DE-603)287056562  |b DE-603  |c HES  |d d 
924 0 |9 2080  |a (DE-603)1335235434  |b DE-2080  |c HES  |d d  |g /